| 000 | 00571cas a22001815a 4500 | ||
|---|---|---|---|
| 001 | L138748 | ||
| 008 | 070709d19982001xxkqr p 0 a0eng u | ||
| 035 | _a(Sirsi) u138748 | ||
| 041 | 0 | _aeng | |
| 110 | 2 |
_aRoyal Institution of Chartered Surveyors _bNorth Staffordshire Branch _91412 |
|
| 245 | 0 | 0 |
_aSnag _bSurveyors' News and Grapevine |
| 260 |
_aStoke on Trent _bRICS _c1998-2001 |
||
| 362 | 0 | _a1(1) 31 March 1999-1(12) June 2001 | |
| 520 | _aFour per year | ||
| 651 | 4 | _aStaffordshire | |
| 690 | _aMANAGEMENT-BUSINESS MANAGEMENT-PROFESSIONAL PRACTICE | ||
| 942 | _n0 | ||
| 999 |
_c119019 _d119019 |
||